Biblioteca

El buen Jesús y el Cristo el malvado (Registro nro. 69227)

Detalles MARC
000 -LÍDER
Campo fijo de descripción fija 02371aam a2200337 i 4500
001 - NÚMERO DE CONTROL
Campo de control 768714001
003 - IDENTIFICADOR DEL NÚMERO DE CONTROL
Campo de control CO-MdFUSB
005 - FECHA Y HORA DE LA ULTIMA TRANSACCIÓN
control field 20231130112933.0
007 - CAMPO FIJO DE DESCRIPCIÓN FIJA--INFORMACIÓN GENERAL
Campo fijo de descripción fija ta
008 - ELEMENTOS DE LONGITUD FIJA -- INFORMACIÓN GENERAL
Campo fijo de descripción fija -- Información general 231030t20102011spa||||g |||| 00| 0 spa d
020 ## - NÚMERO INTERNACIONAL NORMALIZADO PARA LIBROS
Número Internacional Normalizado del libro 9788439723578
040 ## - FUENTE DE CATALOGACIÓN
Agencia de catalogación original CO-MdFUSB
Idioma de catalogación spa
Agencia que realiza la transcripción CO-MdFUSB
Agencia que realiza la modificación CO-MdFUSBC
Convenciones de la descripción rda
041 ## - CÓDIGO DE IDIOMA
Código de idioma para texto/pista de sonido o título separado spa
Código de idioma original eng
082 ## - NÚMERO DE CLASIFICACIÓN DECIMAL DEWEY
Número de la edición del Dewey 23
Número de clasificación 823.914
Clave de autor-Numero de item P982
100 ## - ASIENTO PRINCIPAL--NOMBRE PERSONAL
Nombre personal Pullman, Philip,
Término relacionador autor
240 ## - TITULO UNIFORME
Título uniforme <a href="The good man Jesus and the scoundrel Christ">The good man Jesus and the scoundrel Christ</a>
245 #3 - TÍTULO
Título del Material El buen Jesús y el Cristo el malvado
Mención de responsabilidad, etc. / Philip Pullman ; traducido por Matuca Fernández de Villavicencio
250 ## - MENCIÓN DE EDICIÓN
Mención de edición Primera edición
264 #1 - PRODUCCIÓN, PUBLICACIÓN, DISTRIBUCIÓN, MANUFACTURA, Y COPYRIGHT
Lugar de producción, publicación, distribución, manufactura Barcelona, España :
Nombre del productor, publicador, distribuidor Mondadori,
Fecha de producción, publicación, distribución, manufactura, o copyright [2010]
264 #4 - PRODUCCIÓN, PUBLICACIÓN, DISTRIBUCIÓN, MANUFACTURA, Y COPYRIGHT
Fecha de producción, publicación, distribución, manufactura, o copyright ©2011
300 ## - DESCRIPCIÓN FÍSICA
Extensión 190 páginas
Dimensiones ; 22 cm
336 ## - TIPO DE CONTENIDO
Fuente rdacontent
Término de tipo de contenido texto
Código de tipo de contenido txt
337 ## - TIPO DE MEDIO
Fuente rdamedia
Nombre del tipo de medio sin mediación
Código del tipo de medio n
338 ## - TIPO DE SOPORTE
Fuente rdacarrier
Nombre del tipo de soporte volumen
Código Tipo de soporte nc
520 ## - NOTA DE RESUMEN, ETC.
Nota de sumario, etc. «Esta es la historia de Jesús y su hermano Cristo, de cómo nacieron, de cómo vivieron y de cómo murió uno de ellos. La muerte del otro no forma parte de esta historia.» Así comienza esta novela ingeniosa y polémica que revisita la historia más influyente de todos los tiempos: la vida de Jesús. Todo comienza cuando la virgen María da a luz a gemelos a los que llama Jesús y Cristo. Los hermanos son muy diferentes entre sí. Mientras que Jesús es carismático, predica la compasión incondicional y condena la hipocresía religiosa, Cristo es un intelectual apocado, pero con una determinación: hacer que la palabra de su hermano pase a la historia. El buen Jesús y Cristo el malvado plantea interrogantes al lector que siguen resonando mucho después de su lectura y reflexiona acerca de cómo la verdad se convierte en historia. «Narrado en una prosa sencilla y sin artificios y, sin embargo, hermosamente eficaz.» Sunday Times. «Uno de los mejores escritores británicos de su generación.» Newsweek. «A partir de estos dos personajes en conflicto -una especie de Jekyll y Hyde galileos-, Pullman reinterpreta y reconstruye provocativamente (los cristianos ya hablan de blasfemia) el más importante texto de referencia de la cristiandad.»<br/>Manuel Rodríguez Rivero, El País.
563 ## - NOTA DE ENCUADERNACIÓN
Nota de encuadernación Pasta dura.
650 #7 - ASIENTO SECUNDARIO DE MATERIA - TERMINO TEMÁTICO
Fuente del encabezamiento o término embne
9 (RLIN) 2265
Término temático o nombre geográfico como elemento de entrada Literatura hispanoamericana
700 ## - ASIENTO SECUNDARIO - NOMBRE PERSONAL
9 (RLIN) 8891
Nombre personal Fernández de Villavicencio, Matuca,
Responsabilidad traductor
942 ## - TIPO DE MATERIAL (KOHA)
Tipo de Item KOHA Libros General
945 ## - INFORMACIÓN LOCAL DEL REGISTRO
Catalogador sor1564
Existencias
Estado de Material Estado de Perdido Forma de Clasificación Estado de Dañado No para Préstamo Colección Biblioteca de Origen Biblioteca Permanente Fecha de Adquisición Área Total de Préstamos Total de Renovaciones Signatura Topográfica Código de Barras Última vez visto Última vez Préstado Ejemplar/Existencia Fecha de Remplazo Tipo de Material
    Dewey Decimal Classification     Colección General Biblioteca FUSBC Biblioteca FUSBC 30/10/2023 LITERATURA 1 1 G 823.914 P982b 22352 19/03/2024 19/02/2024 Ej. 1 30/10/2023 Libros General

Biblioteca FUSBC | Teléfono: (57+4) 349 88 10 Ext. 141| WhatsApp (+57) 3005338115 
E-mail: biblioteca@unisbc.edu.co | Calle 76 87-14 Robledo Palenque, Medellín, Colombia

Con tecnología Koha